00673 2200253 4500001002100000005001500021035002500036008000400061082001800065090002700083110004800110245006700158250001000225260005200235300002800287650002300315850001200338007000300350040001200353084002400365041000800389990001100397990001100408YOGYA-0209000005434520190225020400 a0010-020900000054345ind a784.710992126 aT 784.710992126bPro K aProyek Pengembangan Kesenian Riau DEPDIKBUD aKumpulan Lagu Daerah Riau /cProyek Pengembangan Kesenian Riau acet.1 aPekanbaru :bKanwil Depdikbud Prop. Riau,c1986 a92 hlm :bilus ;c23 cm aRiau - Lagu daerah aYOPDYOGta aYOPDYOG a784.710992126 Pro K aind a4552-A a4552-A